Vplyv vzdelávania na výkon miestnej samosprávy diplomová práca

Salvato in:
Dettagli Bibliografici
Autore principale: Kardelisová, Monika
Ente Autore: Národohospodárska fakulta EU. Katedra verejnej správy a regionálneho rozvoja
Altri autori: Žárska, Elena, 1955-
Natura: Libro
Lingua:slovacco
Pubblicazione: Bratislava 2016
Tags: Aggiungi Tag
Nessun Tag, puoi essere il primo ad aggiungerne!!

MARC

LEADER 00000nbm a2200000 4500
001 0217908
005 20170214095854.7
041 0 |a slo 
044 |a SK 
245 1 0 |a Vplyv vzdelávania na výkon miestnej samosprávy  |b diplomová práca  |c Monika Kardelisová ; školiteľ: Elena Žárska 
264 1 |a Bratislava  |c 2016 
300 |a 68 s. 
100 1 |a Kardelisová, Monika 
700 1 |a Žárska, Elena, 1955- 
710 2 |a Národohospodárska fakulta EU. Katedra verejnej správy a regionálneho rozvoja